000 00458nam a2200181Ia 4500
005 20250423095823.0
008 250422s9999 xx 000 0 und d
020 _a9781138206991
050 _aHF 1359 .B33/
100 _aBalaam, David N.
245 0 _aIntroduction to international political economy
250 _a7th ed
260 _aNew York
260 _bRoutledge
260 _c2020
650 _aInternational economic relations.
942 _cBK
999 _c31431
_d31431